000 00445nam a2200181Ia 4500
001 17052
005 20260306170356.0
008 260306t2006||||xx |||||||||||||| ||und||
041 _aESP
082 _a657.43
_bS23
100 _aSánchez Curiel, Gabriel
_eAUT
245 0 _aAuditoría de estados financieros:
_bpráctica moderna integral
260 _c2006
300 _a
_c
650 _aGEN
654 _aCCO
942 _cLIB
_dJUS
_fJUS
_2ddc
_n
999 _c17052
_d17052